Báo cáo tổng hợp quy hoạch chi tiết ngành nông nghiệp tỉnh Cần Thơ đến năm 2010
Đã lưu trong:
| Príomhúdar: | |
|---|---|
| Formáid: | Leabhar |
| Teanga: | Undetermined |
| Foilsithe: |
Sở nông nghiệp và phát triển nông thôn tỉnh Cần Thơ
1998
|
| Ábhair: | |
| Clibeanna: |
Cuir Clib Leis
Gan Chlibeanna, Bí ar an gcéad duine leis an taifead seo a chlibeáil!
|
| Thư viện lưu trữ: | Trung tâm Học liệu Trường Đại học Cần Thơ |
|---|
| LEADER | 00740nam a2200169Ia 4500 | ||
|---|---|---|---|
| 001 | CTU_52861 | ||
| 008 | 210402s9999 xx 000 0 und d | ||
| 082 | |a 338.1 | ||
| 082 | |b S460 | ||
| 100 | |a Sở nông nghiệp và phát triển nông thôn tỉnh Cần Thơ | ||
| 245 | 0 | |a Báo cáo tổng hợp quy hoạch chi tiết ngành nông nghiệp tỉnh Cần Thơ đến năm 2010 | |
| 245 | 0 | |c Sở nông nghiệp và phát triển nông thôn tỉnh Cần Thơ | |
| 260 | |b Sở nông nghiệp và phát triển nông thôn tỉnh Cần Thơ | ||
| 260 | |c 1998 | ||
| 650 | |a vietnam | ||
| 650 | |x agricultural aspects | ||
| 980 | |a Trung tâm Học liệu Trường Đại học Cần Thơ | ||